000 00550nam a2200205Ia 4500
001 15040
003 GE_BSU
008 181216s||||||||xx |||||||||||||| ||und||
040 _cGE_BSU
080 _a514.77
100 _aВыгодский,М.Я.
245 _aДифференциальная геометрия
260 _aМ-Л
260 _bГостехиздат
260 _c1949
300 _a511стр.27см.
300 _eУказатель стр.507
653 _aДифференциальная геометрия
942 _cBK
999 _c48158
_d48158